[Event "ESTCC U50 2018"]
[Site "Walbrzych"]
[Date "2018.04.15"]
[Round "2"]
[White "Scowen, Roger S"]
[Black "Fatalibekova, Elena"]
[Result "0-1"]
[WhiteElo "1882"]
[BlackElo "2195"]
[Annotator "TA"]
[PlyCount "72"]
[EventDate "2018.??.??"]
[EventCountry "POL"]
[SourceTitle "playchess.com"]
[Source "ChessBase"]
[SourceQuality "1"]
[WhiteTeam "England"]
[BlackTeam "Russia"]
[WhiteTeamCountry "ENG"]
[BlackTeamCountry "RUS"]

{[%evp 9,71,-17,-27,-54,-54,-72,-83,-74,-74,-93,-91,-77,-47,-180,-188,-246,-206,-192,-200,-204,-165,-210,-198,-194,-192,-253,-202,-305,-284,-406,-383,-372,-287,-264,-232,-347,-334,-427,-428,-433,-403,-755,-415,-29980,-29981,-29981,-29982,-6503,-405,-377,-262,-355,-330,-845,-202,-6302,-6283,-29993,-29994,-29994,-29995,-29997,-29998,-29999]} 1. e4 c5 2. Nf3 e6 3. d4 cxd4 4. Nxd4 Nf6 5. f3 d5 (5... e5 6. Nb3 d5 7. Bg5 Be6 8. exd5 Qxd5 9. Nc3 Bb4 10. Bd2 Qd8 11. Nb5 Nc6 12. Bxb4 Nxb4 13. c3 Nbd5 14. Nc5 Qb6 15. Nxe6 fxe6 16. Qe2 O-O-O 17. O-O-O a6 {0-1 (41) Tillyaev,U (2295)-Vokhidov,S (2377) Tashkent 2017}) 6. Bb5+ {B40: Sicilian: 2...e6, Unusual lines} Bd7 7. Bxd7+ Nbxd7 8. exd5 {Black is better.} Nxd5 {[%cal Bf6d5,Bd5b6,Bb6c4][%mdl 32]} 9. c4 Bb4+ 10. Kf1 $146 ({Predecessor:} 10. Ke2 N5f6 11. Be3 O-O 12. a3 Be7 13. Nd2 {0-1 (22) Janjic,J-Strinic,H Neum 2003}) 10... N5b6 {Threatens to win with ...Ne5.} 11. a3 (11. b3 $15) 11... Be7 $19 12. Qc2 {[#]} (12. g3 {is a better defense.}) 12... Nxc4 $1 {[%mdl 512]} 13. Nc6 (13. Qxc4 Rc8) 13... bxc6 14. Qxc4 O-O 15. Nc3 Nb6 16. Qe4 Nd5 17. Bd2 (17. g3 $142) 17... Qb6 18. b4 (18. Rb1 {keeps fighting.}) 18... a5 19. b5 (19. Nxd5 $142 cxd5 20. bxa5) 19... Bf6 20. Rc1 {and the idea bxc6 leaves White hopeful.} Nxc3 21. Bxc3 Qxb5+ 22. Qe2 (22. Kf2 {was worth a try.}) 22... Bxc3 23. Rxc3 Qb1+ 24. Qe1 Rab8 25. Rg1 (25. Rc1 $142 Qa2 26. h4) 25... Rfd8 26. Kf2 (26. Qxb1 $19 Rxb1+ 27. Kf2 Rd2+ 28. Ke3 Rxg1 29. Kxd2) 26... Rb2+ 27. Kg3 Qg6+ 28. Kh3 Qh5+ (28... Rd4 $142 {( -> ...Qh6+)} 29. f4 Qf5+ 30. g4 Qxf4) 29. Qh4 Qd5 30. Rxc6 g5 31. Qc4 $2 (31. Qe4) 31... Rb3 $2 $40 {[%mdl 128] Black wants a kill.} (31... Qf5+ 32. Qg4 Qf6) 32. a4 $2 {[#]} (32. Qxd5 Rxd5 33. a4) 32... Rxf3+ $1 {[%mdl 512]} 33. gxf3 Qxf3+ {Black mates.} 34. Rg3 Qh5+ 35. Kg2 Rd2+ 36. Kf1 Qd1# {Precision: White = 20%, Black = 51%.} 0-1

[Event "ESTCC U50 2018"]
[Site "Walbrzych"]
[Date "2018.04.15"]
[Round "2"]
[White "Giulian, Rosemary A"]
[Black "Kivimaki, Jaakko"]
[Result "0-1"]
[WhiteElo "1880"]
[BlackElo "2181"]
[Annotator "RC"]
[PlyCount "111"]
[EventDate "2018.??.??"]
[EventCountry "POL"]
[SourceTitle "playchess.com"]
[Source "ChessBase"]
[SourceQuality "1"]
[WhiteTeam "Scotland"]
[BlackTeam "Finland"]
[WhiteTeamCountry "SCO"]
[BlackTeamCountry "FIN"]
[TimeControl "40/5400+30:1800+30"]

1. e4 {[%emt 0:00:00]} e5 {[%emt 0:00:05]} 2. Nf3 {[%emt 0:00:00]} Nc6 {[%emt 0:00:06]} 3. Bb5 {[%emt 0:00:00]} Nge7 {[%emt 0:00:04]} 4. O-O {[%emt 0:00:12]} Ng6 {[%emt 0:00:19]} 5. c3 {[%emt 0:00:48]} a6 {[%emt 0:00:08]} 6. Ba4 {[%emt 0:00:09]} Be7 {[%emt 0:00:11]} 7. d4 {[%emt 0:01:17]} d6 {[%emt 0:00:13]} 8. d5 {[%emt 0:01:23]} b5 {[%emt 0:00:28]} 9. Bc2 {[%emt 0:03:06]} Na5 {[%emt 0:00:14]} 10. a4 {[%emt 0:04:04]} Bd7 {[%emt 0:00:14]} 11. Nbd2 {[%emt 0:01:57]} c5 {[%emt 0:00:43]} 12. dxc6 {[%emt 0:01:47]} Nxc6 {[%emt 0:00:59]} 13. b4 {[%emt 0:04:20]} O-O {[%emt 0:02:16]} 14. a5 {[%emt 0:05:25]} Rc8 {[%emt 0:05:16]} 15. g3 {[%emt 0:22:02]} Bg4 {[%emt 0:03:17]} 16. Bd3 {[%emt 0:07:23]} Qd7 {[%emt 0:04:49]} 17. Qb3 {[%emt 0:05:45]} Bf6 {[%emt 0:20:20]} 18. c4 {[%emt 0:04:49]} Nd4 {[%emt 0:11:09]} 19. Nxd4 {[%emt 0:01:22]} exd4 {[%emt 0:00:18]} 20. Qb1 {[%emt 0:06:13]} bxc4 {[%emt 0:08:07]} 21. Bxc4 {[%emt 0:03:39]} Rxc4 {[%emt 0:05:30]} 22. Nxc4 {[%emt 0:03:28]} Be2 {[%emt 0:00:51]} 23. Nd2 {[%emt 0:06:06]} Bxf1 {[%emt 0:05:52]} 24. Nxf1 {[%emt 0:01:44]} Ne5 {[%emt 0:01:47]} 25. Bd2 {[%emt 0:04:30]} Qb7 {[%emt 0:03:51]} 26. Ra3 {[%emt 0:03:15]} d3 {[%emt 0:10:25]} 27. Bf4 {[%emt 0:03:33]} Nf3+ {[%emt 0:05:26]} 28. Kh1 {[%emt 0:00:11]} Qxe4 {[%emt 0:05:47]} 29. Qxd3 {[%emt 0:00:21]} Ng5+ {[%emt 0:01:00]} 30. Qxe4 {[%emt 0:00:28]} Nxe4 {[%emt 0:00:02]} 31. f3 {[%emt 0:01:14]} Nc3 {[%emt 0:00:54]} 32. Bd2 {[%emt 0:01:49]} Nb5 {[%emt 0:00:29]} 33. Rd3 {[%emt 0:00:21]} Rc8 {[%emt 0:00:13]} 34. Ne3 {[%emt 0:00:11]} Bc3 {[%emt 0:02:20]} 35. Nf5 {[%emt 0:00:48]} Kf8 {[%emt 0:03:07]} 36. Bxc3 {[%emt 0:00:45]} Rxc3 {[%emt 0:00:53]} 37. Rxc3 {[%emt 0:00:08]} Nxc3 {[%emt 0:00:01]} 38. Nxd6 {[%emt 0:00:54]} Ke7 {[%emt 0:00:20]} 39. Nf5+ {[%emt 0:01:25]} Kd7 {[%emt 0:00:15]} 40. Nd4 {[%emt 0:00:00]} Kd6 {[%emt 0:00:19]} 41. Kg2 {[%emt 0:04:14]} Kd5 {[%emt 0:01:49]} 42. Nb3 {[%emt 0:04:23]} Kc4 {[%emt 0:03:09]} 43. Nc5 {[%emt 0:00:43]} Kb5 {[%emt 0:00:20]} 44. Kf2 {[%emt 0:03:14]} Nd5 {[%emt 0:00:22]} 45. Ke2 {[%emt 0:01:36]} Nxb4 {[%emt 0:00:21]} 46. Nb7 {[%emt 0:00:28]} Nc6 {[%emt 0:04:03]} 47. Nd6+ {[%emt 0:00:58]} Kxa5 {[%emt 0:00:13]} 48. Nxf7 {[%emt 0:00:06]} Kb4 {[%emt 0:00:47]} 49. Kd3 {[%emt 0:00:30]} a5 {[%emt 0:01:07]} 50. f4 {[%emt 0:00:16]} Kb3 {[%emt 0:00:11]} 51. Ne5 {[%emt 0:01:44]} Nb4+ {[%emt 0:00:53]} 52. Kd4 {[%emt 0:02:09]} a4 {[%emt 0:00:31]} 53. Nc4 {[%emt 0:00:22]} Nc2+ {[%emt 0:00:46]} 54. Kd5 {[%emt 0:01:56]} Ne3+ {[%emt 0:02:02]} 55. Nxe3 {[%emt 0:01:57]} a3 {[%emt 0:00:07]} 56. Ke5 0-1

[Event "ESTCC U50 2018"]
[Site "Walbrzych"]
[Date "2018.04.15"]
[Round "2"]
[White "Puroila, Sippo"]
[Black "Lopez de Turiso, Jose Angel"]
[Result "0-1"]
[WhiteElo "1838"]
[BlackElo "2064"]
[Annotator "NA RC"]
[PlyCount "114"]
[EventDate "2018.??.??"]
[EventCountry "POL"]
[SourceTitle "playchess.com"]
[Source "ChessBase"]
[SourceQuality "1"]
[WhiteTeam "Finland"]
[BlackTeam "Spain"]
[WhiteTeamCountry "FIN"]
[BlackTeamCountry "ESP"]
[TimeControl "40/5400+30:1800+30"]

1. c4 {[%emt 0:00:00]} b6 {[%emt 0:00:34]} 2. Nc3 {[%emt 0:00:00]} Bb7 {[%emt 0:00:19]} 3. d4 {[%emt 0:00:02]} f5 {[%emt 0:03:11]} 4. Bg5 {[%emt 0:01:48]} g6 {[%emt 0:03:47]} 5. f3 {[%emt 0:04:40]} Bg7 {[%emt 0:02:58]} 6. e4 {[%emt 0:01:43]} fxe4 {[%emt 0:02:56]} 7. fxe4 {[%emt 0:00:55]} c5 {[%emt 0:02:56]} 8. d5 $1 {[%emt 0:00:56]} d6 {[%emt 0:02:06]} 9. Nf3 {[%emt 0:00:49]} Nd7 {[%emt 0:01:41]} 10. Bd3 {[%emt 0:07:56]} Nh6 {[%emt 0:06:55]} 11. Qd2 {[%emt 0:06:33]} Nf7 {[%emt 0:01:41]} 12. O-O {[%emt 0:00:20]} Nde5 {[%emt 0:05:38]} 13. Nxe5 {[%emt 0:01:56]} Bxe5 {[%emt 0:05:02]} 14. Rf3 {[%emt 0:03:16]} O-O {[%emt 0:06:51]} 15. Raf1 {[%emt 0:04:16]} Bg7 {[%emt 0:02:18]} 16. Be3 {[%emt 0:12:05]} Ne5 {[%emt 0:04:06]} 17. Rxf8+ {[%emt 0:00:11]} Bxf8 {[%emt 0:00:06]} 18. Be2 {[%emt 0:00:08]} Qd7 {[%emt 0:06:05]} 19. h3 {[%emt 0:06:38]} Bg7 {[%emt 0:00:39]} 20. a4 Rf8 {[%emt 0:03:29]} 21. Rxf8+ {[%emt 0:03:36]} Kxf8 {[%emt 0:01:05]} 22. Bh6 {[%emt 0:06:30]} a6 {[%emt 0:02:32]} 23. Qf4+ {[%emt 0:02:38]} Kg8 {[%emt 0:00:12]} 24. Bxg7 {[%emt 0:02:08]} Kxg7 {[%emt 0:00:09]} 25. b3 {[%emt 0:00:23]} Bc8 {[%emt 0:01:14]} 26. Nd1 {[%emt 0:00:40]} Qe8 {[%emt 0:01:27]} 27. Ne3 {[%emt 0:00:42]} Qf7 {[%emt 0:01:47]} 28. Qxf7+ {[%emt 0:00:36]} Kxf7 {[%emt 0:02:34]} 29. Kf2 {[%emt 0:00:09]} Kf6 {[%emt 0:01:35]} 30. g4 {[%emt 0:04:21]} Nf7 {[%emt 0:02:14]} 31. h4 $19 {[%emt 0:01:46]} (31. Ng2 $17 {was called for.}) 31... Ke5 {[%emt 0:05:48]} 32. Kf3 {[%emt 0:00:21]} Kd4 {[%emt 0:04:45]} 33. Nf5+ {[%emt 0:10:36]} gxf5 {[%emt 0:02:18]} 34. exf5 {[%emt 0:00:03]} Ke5 {[%emt 0:01:14]} 35. Ke3 {[%emt 0:01:02]} Nd8 {[%emt 0:01:22]} 36. Bd3 {[%emt 0:00:45]} h6 {[%emt 0:01:49]} 37. Bc2 {[%emt 0:00:26]} Nb7 {[%emt 0:03:15]} 38. Bd1 {[%emt 0:00:30]} Na5 {[%emt 0:00:10]} 39. Kd3 {[%emt 0:01:57]} h5 {[%emt 0:02:18]} 40. gxh5 {[%emt 0:00:00]} Bxf5+ {[%emt 0:00:09]} 41. Kc3 {[%emt 0:00:18]} Kf6 {[%emt 0:00:42]} 42. Be2 {[%emt 0:00:30]} Kg7 {[%emt 0:02:49]} 43. Bf3 {[%emt 0:00:10]} Kh6 {[%emt 0:00:26]} 44. Be2 {[%emt 0:00:06]} Bd7 {[%emt 0:00:10]} 45. Bf3 {[%emt 0:00:09]} Be8 {[%emt 0:00:10]} 46. Bg4 {[%emt 0:00:07]} Bxh5 {[%emt 0:04:08]} 47. Bc8 {[%emt 0:00:08]} Bd1 {[%emt 0:00:32]} 48. b4 {[%emt 0:00:32]} Nb3 {[%emt 0:00:44]} 49. Bxa6 {[%emt 0:00:35]} Kh5 {[%emt 0:00:58]} 50. Bb5 {[%emt 0:00:49]} Kxh4 {[%emt 0:01:54]} 51. Be8 {[%emt 0:01:05]} Kg5 {[%emt 0:03:44]} 52. Bf7 {[%emt 0:03:02]} Kf6 {[%emt 0:00:30]} 53. Be6 {[%emt 0:00:30]} Ke5 {[%emt 0:01:46]} 54. Bg8 cxb4+ {[%emt 0:01:33]} 55. Kxb4 {[%emt 0:00:04]} Nc5 {[%emt 0:00:20]} 56. a5 {[%emt 0:00:42]} bxa5+ {[%emt 0:01:05]} 57. Kxa5 {[%emt 0:00:03]} Be2 {[%emt 0:00:23]} 0-1

[Event "ESTCC U50 2018"]
[Site "Walbrzych"]
[Date "2018.04.15"]
[Round "2"]
[White "Sidler, Samuel"]
[Black "Strzelecki, Jerzy"]
[Result "0-1"]
[WhiteElo "1833"]
[BlackElo "2038"]
[Annotator "NA RC"]
[PlyCount "76"]
[EventDate "2018.??.??"]
[EventCountry "POL"]
[SourceTitle "playchess.com"]
[Source "ChessBase"]
[SourceQuality "1"]
[WhiteTeam "Switzerland"]
[BlackTeam "Poland"]
[WhiteTeamCountry "SUI"]
[BlackTeamCountry "POL"]
[TimeControl "40/5400+30:1800+30"]

1. e4 c5 2. Nf3 e6 3. d4 cxd4 4. c3 Nf6 5. e5 Nd5 6. cxd4 d6 7. Nc3 Nc6 {LiveBook: 110 Games} 8. Be2 {B22: Sicilian: 2 c3} (8. exd6 Qxd6 9. Bd3 Be7 10. O-O O-O 11. Ne4 Qd8 12. a3 b6 13. Be3 Bb7 14. Rc1 Rc8 15. Qe2 Nb8 16. Rxc8 Qxc8 17. Rc1 Qd8 18. Ne5 Nxe3 19. fxe3 Nd7 20. Nc6 Bxc6 21. Rxc6 Nf6 22. Nxf6+ Bxf6 23. Be4 Bg5 24. g3 Qd7 25. Kf2 f5 26. Bf3 Rc8 27. Qc4 {½-½ (27) Sevillano,E (2526)-Arnold,M (2540) Los Angeles 2012}) 8... Be7 9. O-O O-O 10. a3 $146 ({Predecessor:} 10. Nxd5 exd5 11. Bf4 Be6 12. Qd2 Rc8 13. Rac1 dxe5 14. Nxe5 Nxe5 15. Bxe5 Qb6 16. Bd3 Bd6 17. Bxd6 Qxd6 {½-½ (25) Dickson,G (2171)-Rawlinson,A (2183) Sunningdale 2006}) 10... dxe5 11. Nxd5 exd5 12. dxe5 Be6 13. Bf4 Rc8 14. Qd3 Qb6 15. Bd1 Rfd8 16. Be3 d4 ({Worse is} 16... Qxb2 17. Bc2 $16) 17. Bc1 g6 18. Re1 a5 19. h3 Rd7 20. g4 (20. Ba4 $11) 20... Rdc7 21. Ba4 Rd8 22. Ng5 Bd5 23. e6 f6 24. Nxh7 Kxh7 25. Bc2 {[#]} Rg8 $19 26. Qd2 Rg7 27. Qh6+ Kg8 28. Bxg6 Bd8 29. Qh5 Ne5 30. Rxe5 fxe5 31. Bf7+ Rcxf7 32. exf7+ Bxf7 33. Qxe5 Bc7 34. Qe2 Qd6 35. f4 d3 36. Qd2 Bb6+ 37. Kf1 Qd4 38. Qh2 d2 0-1

[Event "ESTCC U50 2018"]
[Site "Walbrzych"]
[Date "2018.04.15"]
[Round "2"]
[White "Webster, Jim J"]
[Black "Sihvonen, Tero"]
[Result "0-1"]
[WhiteElo "1769"]
[BlackElo "1988"]
[Annotator "NA RC"]
[PlyCount "72"]
[EventDate "2018.??.??"]
[EventCountry "POL"]
[SourceTitle "playchess.com"]
[Source "ChessBase"]
[SourceQuality "1"]
[WhiteTeam "Scotland"]
[BlackTeam "Finland"]
[WhiteTeamCountry "SCO"]
[BlackTeamCountry "FIN"]
[TimeControl "40/5400+30:1800+30"]

1. d4 {[%emt 0:00:00]} d5 {[%emt 0:01:10]} 2. c4 {[%emt 0:00:21]} c6 {[%emt 0:02:05]} 3. cxd5 {[%emt 0:01:10]} cxd5 {[%emt 0:00:18]} 4. Nc3 {[%emt 0:00:08]} Nc6 {[%emt 0:01:50]} 5. Bf4 {[%emt 0:01:21]} a6 {[%emt 0:00:58]} 6. Nf3 {[%emt 0:00:34]} Nf6 {[%emt 0:00:57]} 7. e3 {[%emt 0:01:22]} Nh5 {[%emt 0:09:34] D13: Slav Defence: Exchange variation without ...Bf5} (7... Bg4 8. Be2 e6 9. O-O Be7 10. Rc1 Nd7 11. h3 Bh5 12. Qb3 Qb6 13. Nd2 Bxe2 14. Nxe2 Qxb3 15. Nxb3 f6 16. a3 Kf7 17. Rc2 Nb6 {0-1 (56) Melkumyan,H (2633)-Carlsen,M (2837) Riadh 2017}) 8. Bg3 {[%emt 0:05:44]} Nxg3 {[%emt 0:05:00]} 9. hxg3 {[%emt 0:00:28]} e6 {[%emt 0:00:34]} 10. a3 {[%emt 0:05:33]} Bd7 {[%emt 0:02:02]} 11. Bd3 {[%emt 0:02:09]} g6 {[%emt 0:02:22]} 12. Qe2 {[%emt 0:08:30]} Bg7 {[%emt 0:01:05]} 13. O-O $146 {[%emt 0:01:41]} ({Predecessor:} 13. Rc1 Rc8 14. b4 Rc7 15. b5 {½-½ (31) Cast,A (2121)-Binks,M (2154) Swansea 2001}) 13... O-O {[%emt 0:02:02]} 14. Rfd1 {[%emt 0:01:55]} b5 {[%emt 0:01:20]} 15. Bc2 {[%emt 0:06:11]} Qb6 {[%emt 0:02:36]} 16. Rac1 {[%emt 0:04:47]} Na5 {[%emt 0:03:19]} 17. b3 {[%emt 0:02:10]} b4 {[%emt 0:05:56]} 18. Na4 $2 {[%emt 0:05:40]} ({Better is} 18. axb4 $15 Qxb4 19. Qe1) 18... Bxa4 {[%emt 0:01:13]} 19. bxa4 {[%emt 0:00:09]} bxa3 {[%emt 0:08:47]} 20. Rb1 {[%emt 0:02:49]} Qd6 {[%emt 0:01:15]} 21. Qe1 {[%emt 0:08:24]} Nc4 {[%emt 0:01:08]} 22. Rd3 $19 {[%emt 0:03:00]} Rfb8 {[%emt 0:01:58]} 23. Rxb8+ {[%emt 0:04:53]} Rxb8 {[%emt 0:00:53]} 24. Rb3 {[%emt 0:00:21]} a5 {[%emt 0:07:04]} 25. Qb1 {[%emt 0:12:59]} Rb4 {[%emt 0:02:25]} 26. Qa2 {[%emt 0:02:25]} Qb6 {[%emt 0:02:46]} 27. Bd1 {[%emt 0:06:13]} Bf8 {[%emt 0:03:09]} 28. Bc2 {[%emt 0:06:38]} Bd6 {[%emt 0:03:56]} 29. Kh2 {[%emt 0:02:25]} f5 {[%emt 0:00:50]} 30. Bd1 {[%emt 0:02:01]} Kg7 {[%emt 0:00:50]} 31. Ne1 {[%emt 0:01:10]} Nb2 {[%emt 0:04:42]} 32. Bc2 {[%emt 0:00:41]} Rxb3 {[%emt 0:03:00]} 33. Bxb3 {[%emt 0:00:14]} Qb4 {[%emt 0:02:04]} 34. Nf3 {[%emt 0:02:06]} Kf6 {[%emt 0:01:21]} 35. Kh3 {[%emt 0:00:14]} g5 {[%emt 0:03:04]} 36. g4 {[%emt 0:00:24]} h5 {[%emt 0:00:22]} 0-1

[Event "ESTCC U50 2018"]
[Site "Walbrzych"]
[Date "2018.04.15"]
[Round "2"]
[White "Szydelko, Kazimierz"]
[Black "Nuenchert, Eveline"]
[Result "1-0"]
[WhiteElo "1689"]
[BlackElo "2033"]
[Annotator "NA RC"]
[PlyCount "55"]
[EventDate "2018.??.??"]
[EventCountry "POL"]
[SourceTitle "playchess.com"]
[Source "ChessBase"]
[SourceQuality "1"]
[WhiteTeam "Poland"]
[BlackTeam "Germany"]
[WhiteTeamCountry "POL"]
[BlackTeamCountry "GER"]
[TimeControl "40/5400+30:1800+30"]

1. d4 {[%emt 0:00:00]} Nf6 {[%emt 0:00:36]} 2. c4 {[%emt 0:00:00]} c5 {[%emt 0:00:05]} 3. Nf3 {[%emt 0:00:36]} cxd4 {[%emt 0:00:30]} 4. Nxd4 {[%emt 0:00:10]} g6 {[%emt 0:00:29]} 5. Nc3 {[%emt 0:00:37]} Bg7 {[%emt 0:00:21]} 6. e4 {[%emt 0:01:32]} d6 {[%emt 0:00:17]} 7. Be2 {[%emt 0:00:38]} Nc6 {[%emt 0:04:23]} 8. Be3 {[%emt 0:01:11]} Bd7 {[%emt 0:00:39]} 9. O-O {[%emt 0:00:39]} O-O {[%emt 0:00:26]} 10. Rc1 {[%emt 0:02:55]} Nxd4 {[%emt 0:03:43]} 11. Bxd4 {[%emt 0:00:37]} Bc6 {[%emt 0:00:50]} 12. Qd3 {[%emt 0:08:04] LiveBook: 62 Games} a6 {[%emt 0:03:29] B38: Sicilian: Maroczy Bind with 5...Bg7 and 7...0-0} (12... a5 13. b3 Nd7 14. Bxg7 Kxg7 15. Nd5 Nc5 16. Qe3 e6 17. Nc3 e5 18. Rfd1 Qe7 19. Rd2 Ne6 20. Bf1 f5 21. exf5 Rxf5 {½-½ (63) Eljanov,P (2723)-Guseinov,G (2613) Dubai 2014}) 13. b4 {[%emt 0:06:04]} b5 {[%emt 0:11:49]} 14. Qe3 $146 {[%emt 0:06:16]} ({Predecessor:} 14. cxb5 Bxb5 15. Nxb5 axb5 16. Rc2 Qd7 17. Qxb5 Qe6 18. Bxf6 Bxf6 19. Qc4 Qe5 20. Rb1 {1-0 (37) Nicolaescu,N (1380)-Ausan,L (1245) IECG email 2005}) 14... bxc4 {[%emt 0:04:05]} 15. Bxc4 {[%emt 0:01:42]} Ng4 {[%emt 0:03:05]} 16. Qd3 {[%emt 0:04:15]} Ne5 {[%emt 0:05:40]} 17. Bxe5 {[%emt 0:01:54]} Bxe5 {[%emt 0:00:09]} 18. Bxa6 {[%emt 0:08:27]} Bxc3 {[%emt 0:03:20]} 19. Rxc3 {[%emt 0:00:12]} Bxe4 {[%emt 0:00:19]} 20. Qxe4 {[%emt 0:00:16]} Rxa6 {[%emt 0:00:05]} 21. Qc4 {[%emt 0:01:15]} Qb6 {[%emt 0:02:14]} 22. b5 {[%emt 0:06:53]} Ra5 {[%emt 0:00:29]} 23. Rb1 {[%emt 0:01:47]} Rfa8 {[%emt 0:00:42]} 24. Rb2 {[%emt 0:01:50]} Ra4 {[%emt 0:01:58]} 25. Qe2 {[%emt 0:05:53]} Qd4 {[%emt 0:02:14]} 26. Rd3 $14 {[%emt 0:06:24]} Qxb2 {[%emt 0:03:03]} 27. Qxb2 {[%emt 0:00:38]} Rxa2 {[%emt 0:00:02]} 28. Qb3 {[%emt 0:02:22]} 1-0